Biblical Interpretation in Ancient Israel. Michael Fishbane
| Main Author: | |
|---|---|
| Format: | Electronic Review |
| Language: | English |
| Check availability: | HBZ Gateway |
| Interlibrary Loan: | Interlibrary Loan for the Fachinformationsdienste (Specialized Information Services in Germany) |
| Published: |
1989
|
| In: |
The journal of religion
Year: 1989, Volume: 69, Issue: 3, Pages: 387-391 |
| Review of: | Biblical interpretation in ancient Israel (Oxford : Clarendon Press, 1988) (Roth, Wolfgang)
Biblical interpretation in ancient Israel (Oxford [u.a.] : Clarendon, 1986) (Roth, Wolfgang) |
| Further subjects: | B
Book review
|
| Online Access: |
Volltext (JSTOR) Volltext (lizenzpflichtig) |
MARC
| LEADER | 00000caa a22000002c 4500 | ||
|---|---|---|---|
| 001 | 1811601537 | ||
| 003 | DE-627 | ||
| 005 | 20220727073856.0 | ||
| 007 | cr uuu---uuuuu | ||
| 008 | 220726s1989 xx |||||oo 00| ||eng c | ||
| 024 | 7 | |a 10.1086/488134 |2 doi | |
| 035 | |a (DE-627)1811601537 | ||
| 035 | |a (DE-599)KXP1811601537 | ||
| 040 | |a DE-627 |b ger |c DE-627 |e rda | ||
| 041 | |a eng | ||
| 084 | |a 0 |2 ssgn | ||
| 100 | 1 | |a Roth, Wolfgang |e VerfasserIn |4 aut | |
| 245 | 1 | 0 | |a Biblical Interpretation in Ancient Israel. Michael Fishbane |
| 264 | 1 | |c 1989 | |
| 336 | |a Text |b txt |2 rdacontent | ||
| 337 | |a Computermedien |b c |2 rdamedia | ||
| 338 | |a Online-Ressource |b cr |2 rdacarrier | ||
| 601 | |a Interpretation | ||
| 601 | |a Michael | ||
| 601 | |a Fishbane, Michael A. | ||
| 655 | 7 | |a Rezension |0 (DE-588)4049712-4 |0 (DE-627)106186019 |0 (DE-576)209083166 |2 gnd-content | |
| 773 | 0 | 8 | |i Enthalten in |t The journal of religion |d Chicago, Ill. : Univ. of Chicago Press, 1921 |g 69(1989), 3, Seite 387-391 |h Online-Ressource |w (DE-627)329085689 |w (DE-600)2047675-9 |w (DE-576)113710593 |x 1549-6538 |7 nnas |
| 773 | 1 | 8 | |g volume:69 |g year:1989 |g number:3 |g pages:387-391 |
| 787 | 0 | 8 | |i Rezension von |a Fishbane, Michael A., 1943 - |t Biblical interpretation in ancient Israel |b 1. issued in paperback |d Oxford : Clarendon Press, 1988 |h xviii, 617 Seiten |w (DE-627)234902930 |w (DE-576)095818944 |z 9780198266990 |z 0198263252 |z 0198266995 |
| 787 | 0 | 8 | |i Rezension von |a Fishbane, Michael A., 1943 - |t Biblical interpretation in ancient Israel |b Reprinted with corrections |d Oxford [u.a.] : Clarendon, 1986 |h XVIII, 613 S |w (DE-627)02418568X |w (DE-576)01634247X |z 0198263252 |
| 856 | |3 Volltext |u http://www.jstor.org/stable/1205010 |x JSTOR | ||
| 856 | 4 | 0 | |u https://doi.org/10.1086/488134 |x Resolving-System |z lizenzpflichtig |3 Volltext |7 1 |
| 935 | |a mteo | ||
| 951 | |a AR | ||
| ELC | |a 1 | ||
| ITA | |a 1 |t 1 | ||
| LOK | |0 000 xxxxxcx a22 zn 4500 | ||
| LOK | |0 001 4172616267 | ||
| LOK | |0 003 DE-627 | ||
| LOK | |0 004 1811601537 | ||
| LOK | |0 005 20220726053625 | ||
| LOK | |0 008 220726||||||||||||||||ger||||||| | ||
| LOK | |0 035 |a (DE-Tue135)IxTheo#2022-07-19#ABC0A8AFA7D38FBAA5B5BC27A870691336C49A2C | ||
| LOK | |0 040 |a DE-Tue135 |c DE-627 |d DE-Tue135 | ||
| LOK | |0 092 |o n | ||
| LOK | |0 852 |a DE-Tue135 | ||
| LOK | |0 852 1 |9 00 | ||
| LOK | |0 866 |x JSTOR#http://www.jstor.org/stable/1205010 | ||
| LOK | |0 935 |a ixzs |a ixrk |a zota | ||
| LOK | |0 939 |a 26-07-22 |b l01 | ||
| ORI | |a SA-MARC-ixtheoa001.raw | ||
| REL | |a 1 | ||
| SUB | |a REL | ||



